[Event "Fagernes op-A"]
[Site "Fagernes"]
[Date "2023.04.05"]
[Round "5"]
[White "Rasmussen, Jonas H"]
[Black "Mota, Pankit"]
[Result "0-1"]
[WhiteElo "1976"]
[BlackElo "2101"]
[PlyCount "124"]
[EventDate "2023.04.02"]
[EventType "swiss"]
[EventRounds "9"]
[EventCountry "NOR"]
[SourceTitle "CBM 213 Extra"]
[Source "ChessBase"]
[SourceDate "2023.05.31"]
[SourceVersion "1"]
[SourceVersionDate "2023.05.31"]
[SourceQuality "1"]

1. d4 d5 2. Nf3 Nf6 3. g3 Bf5 4. Bg2 e6 5. 0-0 h6 6. c4 c6 7. Nc3 Nbd7 8. Nd2 Be7 9. e4 dxe4 10. Ndxe4 0-0 11. Re1 Nxe4 12. Bxe4 Bxe4 13. Nxe4 Qa5 14. c5 Rad8 15. Bd2 Qa6 16. Qf3 Qc4 17. Bc3 Nf6 18. Red1 Nxe4 19. Qxe4 Qd5 20. Qxd5 Rxd5 21. Rd2 Rfd8 22. Rad1 g5 23. f3 Kh7 24. b4 b6 25. Kf2 Kg6 26. Ke3 Kf5 27. a3 Bf6 28. g4+ Kg6 29. Rb1 Be7 30. h3 Rh8 31. Rc1 h5 32. cxb6 axb6 33. Rdc2 hxg4 34. hxg4 Bd6 35. Rf1 Rh3 36. Bb2 c5 37. dxc5 bxc5 38. bxc5 Bxc5+ 39. Ke4 Rh4 40. f4 Rxg4 41. Bc1 Rh4 42. a4 f5+ 43. Kf3 g4+ 44. Kg2 Bd6 45. Re2 e5 46. fxe5 Bxe5 47. Bf4 Bxf4 48. Rxf4 Kg5 49. Ref2 Rh3 50. Rb4 Rdd3 51. Rbf4 Rd5 52. Rb4 Rhd3 53. Rbb2 f4 54. Rb8 R3d4 55. Ra8 g3 56. Re2 Kg4 57. Rg8+ Rg5 58. Rxg5+ Kxg5 59. Kh3 Kf5 60. Ra2 Rd8 61. Ra3 Rd2 62. Rb3 Rh2# 0-1

[Event "Novi Sad TS Mix 220th"]
[Site "Novi Sad"]
[Date "2021.11.05"]
[Round "5"]
[White "Aradhya, Garg"]
[Black "Rasmussen, Jonas H"]
[Result "1-0"]
[WhiteElo "2198"]
[BlackElo "1975"]
[PlyCount "43"]
[EventDate "2021.11.02"]
[EventType "swiss"]
[EventRounds "10"]
[EventCountry "SRB"]
[SourceTitle "CBM 205 Extra"]
[Source "ChessBase"]
[SourceDate "2022.01.31"]
[SourceVersion "1"]
[SourceVersionDate "2022.01.31"]
[SourceQuality "1"]

1. d4 Nf6 2. c4 c6 3. Nf3 d5 4. Nc3 a6 5. e3 b5 6. b3 Bg4 7. Qd2 e6 8. Ne5 Bf5 9. f3 h6 10. c5 Nfd7 11. Nd3 Be7 12. Be2 0-0 13. 0-0 e5 14. Bb2 Bf6 15. Nd1 Re8 16. f4 exd4 17. exd4 Ra7 18. Ne5 a5 19. Ne3 Be4 20. Bf3 Bh7 21. Nxd5 cxd5 22. Bxd5 1-0

[Event "Fagernes op"]
[Site "Fagernes"]
[Date "2021.10.16"]
[Round "8"]
[White "Eliseev, Sergey1111"]
[Black "Rasmussen, Jonas H"]
[Result "1-0"]
[WhiteElo "2041"]
[BlackElo "1995"]
[PlyCount "157"]
[EventDate "2021.10.10"]
[EventType "swiss"]
[EventRounds "9"]
[EventCountry "NOR"]
[SourceTitle "CBM 204 Extra"]
[Source "ChessBase"]
[SourceDate "2021.11.30"]
[SourceVersion "1"]
[SourceVersionDate "2021.11.30"]
[SourceQuality "1"]

1. e4 e5 2. Nf3 Nc6 3. Bb5 a6 4. Ba4 Nf6 5. 0-0 b5 6. Bb3 Bc5 7. c3 0-0 8. d4 Be7 9. Nxe5 Nxe4 10. Nxf7 Rxf7 11. Bxf7+ Kxf7 12. Qh5+ Kf8 13. Qxh7 Nf6 14. Qh8+ Kf7 15. Qxd8 Nxd8 16. Be3 Bb7 17. f3 Ne6 18. Nd2 Rh8 19. a4 Nd5 20. Bf2 Nef4 21. Bg3 Nd3 22. axb5 axb5 23. Ra7 Bc6 24. Rb1 N5f4 25. Kf1 Nd5 26. Ne4 N3f4 27. b3 Ne6 28. Kf2 Ng5 29. Rf1 Kg6 30. c4 bxc4 31. bxc4 Nxe4+ 32. fxe4 Nc3 33. Ke3 Nxe4 34. Kd3 Nxg3 35. hxg3 Bxg2 36. Rf2 Bc6 37. Re2 Bd6 38. d5 Ba8 39. Rea2 Bxd5 40. cxd5 Rh3 41. Ke4 Rxg3 42. Rd2 Rg4+ 43. Kf3 Rf4+ 44. Kg2 Kf6 45. Ra8 g5 46. Rd8 Ke7 47. Rg8 Kf6 48. Rd8 Rh4 49. Rd1 Rh7 50. Rg8 Kf5 51. Re8 Kg4 52. Rd4+ Bf4 53. Kg1 Rh6 54. Re7 Rd6 55. Kg2 c6 56. Rh7 Kf5 57. Kf3 cxd5 58. Re7 g4+ 59. Kg2 Be5 60. Rd1 Kf6 61. Re8 d4 62. Rf1+ Bf4 63. Rxf4+ Kg5 64. Ree4 d3 65. Rxg4+ Kf5 66. Rgf4+ Kg5 67. Rd4 Rb6 68. Rf2 Rb3 69. Rxd7 Kg6 70. Rd2 Ra3 71. R7xd3 Ra4 72. Rf2 Kg5 73. Rg3+ Kh4 74. Rgf3 Kg5 75. Rf8 Kg6 76. Rg8+ Kh7 77. Rg3 Kh6 78. Kh3 Kh5 79. Rf8 1-0

[Event "Norway Chess op"]
[Site "Stavanger"]
[Date "2021.09.12"]
[Round "4"]
[White "Rasmussen, Jonas H"]
[Black "Nilsen, Tobias Lang"]
[Result "0-1"]
[WhiteElo "1976"]
[BlackElo "2169"]
[PlyCount "74"]
[EventDate "2021.09.10"]
[EventType "swiss"]
[EventRounds "10"]
[EventCountry "NOR"]
[SourceTitle "CBM 204 Extra"]
[Source "ChessBase"]
[SourceDate "2021.11.30"]
[SourceVersion "1"]
[SourceVersionDate "2021.11.30"]
[SourceQuality "1"]

1. d4 Nf6 2. Nf3 c5 3. d5 e6 4. Nc3 d6 5. e4 exd5 6. exd5 a6 7. a4 g6 8. Bd3 Bg7 9. 0-0 0-0 10. h3 Nfd7 11. Ne4 Ne5 12. Nxe5 Bxe5 13. c3 Nd7 14. Bg5 Qc7 15. f4 Bg7 16. Rb1 f5 17. Nd2 Nf6 18. Qf3 Bd7 19. Ra1 b5 20. axb5 axb5 21. c4 b4 22. Qd1 Qb7 23. Qc2 Rxa1 24. Rxa1 Ra8 25. Rxa8+ Qxa8 26. Bxf6 Bxf6 27. b3 Qa1+ 28. Kf2 Qd4+ 29. Kf3 g5 30. g3 gxf4 31. gxf4 Be8 32. Bxf5 Bh5+ 33. Kg2 Qxf4 34. Qd3 Be5 35. Nf3 Qg3+ 36. Kf1 Bxf3 37. Bxh7+ Kg7 0-1

[Event "Norway Chess op"]
[Site "Stavanger"]
[Date "2021.09.11"]
[Round "2"]
[White "Stremavicius, Pijus"]
[Black "Rasmussen, Jonas H"]
[Result "1-0"]
[WhiteElo "2253"]
[BlackElo "1976"]
[PlyCount "99"]
[EventDate "2021.09.10"]
[EventType "swiss"]
[EventRounds "10"]
[EventCountry "NOR"]
[SourceTitle "CBM 204 Extra"]
[Source "ChessBase"]
[SourceDate "2021.11.30"]
[SourceVersion "1"]
[SourceVersionDate "2021.11.30"]
[SourceQuality "1"]

1. d4 Nf6 2. Nf3 d5 3. g3 c6 4. Bg2 Bf5 5. c4 e6 6. Nc3 h6 7. Qb3 Qb6 8. c5 Qxb3 9. axb3 Nbd7 10. b4 Ne4 11. Nd2 Nxc3 12. bxc3 Be7 13. f3 0-0 14. e4 Bg6 15. 0-0 a6 16. Nb3 Nf6 17. Re1 Rad8 18. Na5 Rd7 19. e5 Ne8 20. Be3 Bd8 21. g4 Bxa5 22. bxa5 Nc7 23. Bd2 Nb5 24. Kf2 Bd3 25. Kg3 Kh7 26. Re3 Bc4 27. f4 g6 28. h4 Rg8 29. Rb1 Na3 30. Rb2 Bb5 31. Re1 Nc4 32. Ra2 Rg7 33. Bc1 Rd8 34. Kf2 Rdg8 35. Bh3 Kh8 36. Rh1 h5 37. gxh5 gxh5 38. f5 Rg3 39. Bg5 Rxc3 40. fxe6 fxe6 41. Bxe6 Rb3 42. Bf6+ Kh7 43. Bxg8+ Kxg8 44. Re2 Nxa5 45. Rg1+ Kf8 46. e6 Bxe2 47. e7+ Kf7 48. Rg8 Kxg8 49. e8Q+ Kh7 50. Qf7+ 1-0

[Event "Bergen Grand Prix"]
[Site "Bergen"]
[Date "2019.11.16"]
[Round "2"]
[White "Rasmussen, Jonas H"]
[Black "Solheim, Per Otto"]
[Result "1/2-1/2"]
[WhiteElo "1951"]
[BlackElo "1752"]
[PlyCount "80"]
[EventDate "2019.11.15"]
[EventType "swiss"]
[EventRounds "5"]
[EventCountry "NOR"]
[SourceTitle "CBM 193 Extra"]
[Source "ChessBase"]
[SourceDate "2020.01.31"]
[SourceVersion "1"]
[SourceVersionDate "2020.01.31"]
[SourceQuality "1"]

1. d4 d5 2. Nf3 Nf6 3. g3 c6 4. Bg2 Bf5 5. 0-0 e6 6. c4 Bd6 7. Nc3 Nbd7 8. Nd2 0-0 9. b3 Rb8 10. Bb2 b5 11. c5 Bc7 12. b4 e5 13. Nb3 e4 14. e3 Qe7 15. Ne2 g5 16. Bc3 Qe6 17. a4 a6 18. axb5 axb5 19. Ra7 Rbc8 20. Qd2 Bh3 21. Rfa1 Bxg2 22. Kxg2 h5 23. Ng1 h4 24. Qe2 Kg7 25. Nh3 Qf5 26. Rh1 g4 27. Nf4 h3+ 28. Kf1 Bxf4 29. exf4 Ra8 30. Rxa8 Rxa8 31. Na5 e3 32. fxe3 Qb1+ 33. Be1 Qe4 34. Rg1 Qe6 35. Qd3 Ne4 36. Ke2 f5 37. Bd2 Kg6 38. Bc3 Ra6 39. Ra1 Ndf6 40. Be1 Qe8 1/2-1/2

[Event "NOR-ch Master"]
[Site "Larvik"]
[Date "2019.07.08"]
[Round "4"]
[White "Aulin Jansson, Joran"]
[Black "Rasmussen, Jonas H"]
[Result "1/2-1/2"]
[WhiteElo "2223"]
[BlackElo "2017"]
[PlyCount "151"]
[EventDate "2019.07.05"]
[EventType "swiss"]
[EventRounds "9"]
[EventCountry "NOR"]
[SourceTitle "EXT 2024"]
[Source "ChessBase"]
[SourceDate "2023.10.10"]
[SourceVersion "1"]
[SourceVersionDate "2023.10.10"]
[SourceQuality "1"]

1. e4 e5 2. Nf3 Nc6 3. Bb5 a6 4. Bxc6 dxc6 5. Nc3 Bd6 6. d4 exd4 7. Qxd4 f6 8. 0-0 Ne7 9. Rd1 Ng6 10. h3 Qe7 11. Re1 0-0 12. Be3 Be6 13. Qd3 Rfd8 14. Qe2 Nf4 15. Bxf4 Bxf4 16. a3 Qf7 17. Rad1 Bc4 18. Rxd8+ Rxd8 19. Rd1 Rd6 20. Qe1 Qd7 21. b3 Rxd1 22. Qxd1 Qxd1+ 23. Nxd1 Be2 24. Nc3 Bxf3 25. gxf3 Kf7 26. Ne2 Bd6 27. a4 c5 28. c4 g5 29. Nc1 a5 30. Nd3 Kg6 31. Kg2 b6 32. h4 h6 33. f4 gxf4 34. Kf3 Kh5 35. Nxf4+ Kxh4 36. Nd5 Kg5 37. Ke3 Kg6 38. f4 h5 39. Kf3 Kf7 40. Ne3 Kg6 41. Nf5 Kf7 42. Kg3 Kg6 43. Nh4+ Kf7 44. Ng2 Kg6 45. Kh3 Kh6 46. Kh4 Kg6 47. Kg3 Kg7 48. Nh4 Kf7 49. Kf3 Kg7 50. Ke3 Kf7 51. Nf3 Ke6 52. Ne1 Kf7 53. Nd3 Ke6 54. Kf3 Kf7 55. e5 fxe5 56. fxe5 Be7 57. Nf4 h4 58. Kg4 c6 59. Kf5 Bd8 60. Nh3 Ke7 61. Nf4 Kd7 62. Kg4 Bc7 63. Kf5 Bd8 64. Kg6 h3 65. Nxh3 Ke6 66. Kg7 Kxe5 67. Kf7 Kd4 68. Ke8 Kc3 69. Kxd8 Kxb3 70. Kc7 Kxc4 71. Kxc6 Kb4 72. Kxb6 c4 73. Nf4 Kxa4 74. Nd5 Kb3 75. Kxa5 c3 76. Nxc3 1/2-1/2

[Event "Krakow op-A 29th"]
[Site "Krakow"]
[Date "2018.12.28"]
[Round "2"]
[White "Kucharska, Honorata"]
[Black "Rasmussen, Jonas H"]
[Result "1-0"]
[WhiteElo "2177"]
[BlackElo "1982"]
[PlyCount "69"]
[EventDate "2018.12.27"]
[EventType "swiss"]
[EventRounds "9"]
[EventCountry "POL"]
[SourceTitle "CBM 189 Extra"]
[Source "ChessBase"]
[SourceDate "2019.06.03"]
[SourceVersion "1"]
[SourceVersionDate "2019.06.03"]
[SourceQuality "1"]

1. e4 e5 2. Nf3 Nc6 3. Bb5 f5 4. d3 fxe4 5. dxe4 Nf6 6. 0-0 d6 7. Nc3 Be6 8. Qd3 h6 9. a3 a6 10. Bc4 Bxc4 11. Qxc4 Qd7 12. b4 b5 13. Qd3 Be7 14. Nd5 0-0 15. Bb2 Nxd5 16. Qxd5+ Kh8 17. Nxe5 Nxe5 18. Bxe5 c6 19. Qd3 Qe6 20. Bg3 Rad8 21. Rae1 Bf6 22. f4 Qe7 23. Qe3 Qc7 24. e5 dxe5 25. fxe5 Bg5 26. Qe4 Rxf1+ 27. Rxf1 Qd7 28. h4 Be7 29. e6 Qa7+ 30. Kh2 Qb7 31. Rf7 Rf8 32. Be5 Rxf7 33. exf7 Bf8 34. Qg6 Qe7 35. Qxh6# 1-0

[Event "Ptuj op"]
[Site "Ptuj"]
[Date "2018.08.10"]
[Round "4"]
[White "Murko, David"]
[Black "Rasmussen, Jonas H"]
[Result "1-0"]
[WhiteElo "2161"]
[BlackElo "1933"]
[PlyCount "65"]
[EventDate "2018.08.07"]
[EventType "swiss"]
[EventRounds "9"]
[EventCountry "SLO"]
[SourceTitle "CBM 186 Extra"]
[Source "ChessBase"]
[SourceDate "2018.08.24"]
[SourceVersion "1"]
[SourceVersionDate "2018.08.24"]
[SourceQuality "1"]

1. e4 e5 2. Nf3 Nc6 3. Bb5 Nf6 4. d3 Bc5 5. c3 d6 6. 0-0 0-0 7. Bg5 Bg4 8. Nbd2 h6 9. Bh4 a6 10. Bxc6 bxc6 11. Qa4 g5 12. Bg3 Bb6 13. Qxc6 Bd7 14. Qc4 Bb5 15. Qb3 Bxd3 16. Rfe1 Bb5 17. Nc4 Bxc4 18. Qxc4 Nh5 19. Nd2 Nxg3 20. hxg3 Qf6 21. Qe2 Qe6 22. g4 a5 23. Nf1 Rfb8 24. Ng3 Ba7 25. Nf5 Rb7 26. Red1 Rab8 27. Rd2 Bc5 28. b3 Ba7 29. Rd3 a4 30. b4 Qc4 31. Nxh6+ Kg7 32. Nf5+ Kg6 33. Rh3 1-0

[Event "Ptuj op"]
[Site "Ptuj"]
[Date "2018.08.08"]
[Round "2"]
[White "Krumpacnik, Domen"]
[Black "Rasmussen, Jonas H"]
[Result "1/2-1/2"]
[WhiteElo "2346"]
[BlackElo "1933"]
[PlyCount "81"]
[EventDate "2018.08.07"]
[EventType "swiss"]
[EventRounds "9"]
[EventCountry "SLO"]
[SourceTitle "CBM 186 Extra"]
[Source "ChessBase"]
[SourceDate "2018.08.24"]
[SourceVersion "1"]
[SourceVersionDate "2018.08.24"]
[SourceQuality "1"]

1. Nf3 Nf6 2. c4 c6 3. Nc3 d5 4. d4 a6 5. cxd5 cxd5 6. Bf4 Nc6 7. e3 Bg4 8. Be2 e6 9. 0-0 Be7 10. Rc1 0-0 11. Na4 Rc8 12. Nc5 Qb6 13. Na4 Qd8 14. a3 Ne4 15. b4 Na7 16. Nc5 Bxc5 17. dxc5 Nb5 18. Bxb5 axb5 19. Qd3 Qe8 20. Nd4 e5 21. f3 exd4 22. fxg4 g5 23. Bg3 Nxg3 24. hxg3 Qxe3+ 25. Qxe3 dxe3 26. Rfd1 Rcd8 27. Rd4 Rfe8 28. Kf1 Re5 29. Ke2 Ra8 30. Rc3 Kg7 31. Rdd3 Ra6 32. Rxe3 Rae6 33. Rxe5 Rxe5+ 34. Kf3 Re1 35. Rd3 Re5 36. Rd1 Kf6 37. Rh1 Kg6 38. Rc1 Re6 39. Rd1 Re5 40. Rc1 Re6 41. Rd1 1/2-1/2

[Event "Helsingor Xtracon op"]
[Site "Helsingor"]
[Date "2018.07.28"]
[Round "9"]
[White "Jensen, Tobias Ilsoe"]
[Black "Rasmussen, Jonas H"]
[Result "1/2-1/2"]
[WhiteElo "2102"]
[BlackElo "1892"]
[PlyCount "82"]
[EventDate "2018.07.21"]
[EventType "swiss"]
[EventRounds "10"]
[EventCountry "DEN"]
[SourceTitle "CBM 185 Extra"]
[Source "ChessBase"]
[SourceDate "2018.07.29"]
[SourceVersion "1"]
[SourceVersionDate "2018.07.29"]
[SourceQuality "1"]

1. d4 d5 2. c4 c6 3. Nc3 Nf6 4. cxd5 cxd5 5. Bf4 a6 6. e3 Nc6 7. Bd3 Bg4 8. Nge2 e6 9. Rc1 Bd6 10. f3 Bh5 11. 0-0 Bg6 12. Bxd6 Qxd6 13. Nf4 Bxd3 14. Nxd3 Nd7 15. f4 0-0 16. Rf3 Ne7 17. Rh3 f5 18. g4 fxg4 19. Qxg4 Rf6 20. Ne5 Qc7 21. Qh5 h6 22. Kh1 Nxe5 23. fxe5 Rg6 24. Ne2 Rf8 25. Rf3 Rxf3 26. Qxf3 Qd7 27. Nf4 Rg5 28. h4 Rf5 29. Rg1 Rf7 30. Qg4 Nf5 31. Qg6 Qe7 32. Rc1 Qxh4+ 33. Kg1 Nxe3 34. Rc8+ Rf8 35. Qxe6+ Kh7 36. Qg6+ Kg8 37. Qe6+ Kh7 38. Rxf8 Qe1+ 39. Kh2 Qf2+ 40. Kh1 Qf3+ 41. Kg1 Qf1+ 1/2-1/2

[Event "NOR-ch Class1"]
[Site "Sarpsborg"]
[Date "2018.07.06"]
[Round "1"]
[White "Rasmussen, Jonas H"]
[Black "Braten, Martin"]
[Result "1-0"]
[WhiteElo "1892"]
[BlackElo "1798"]
[PlyCount "59"]
[EventDate "2018.07.07"]
[EventType "swiss"]
[EventRounds "9"]
[EventCountry "NOR"]
[SourceTitle "EXT 2024"]
[Source "ChessBase"]
[SourceDate "2023.10.10"]
[SourceVersion "1"]
[SourceVersionDate "2023.10.10"]
[SourceQuality "1"]

1. d4 d5 2. Nf3 Nf6 3. g3 c6 4. Bg2 Bg4 5. 0-0 Nbd7 6. b3 Bxf3 7. Bxf3 e5 8. dxe5 Nxe5 9. Bg2 Bd6 10. Bb2 0-0 11. Nd2 Ng6 12. e4 dxe4 13. Nxe4 Nxe4 14. Bxe4 Re8 15. Bg2 Be5 16. Bxe5 Rxe5 17. Re1 Qe7 18. Qd2 Rd8 19. Qc3 Rxe1+ 20. Rxe1 Qd6 21. Qa5 a6 22. Bf3 Qf6 23. Kg2 Nf8 24. Qc7 Rd7 25. Qb8 Qd8 26. Qe5 Ne6 27. Bg4 Rd6 28. Bxe6 Rxe6 29. Rd1 Qe8 30. Qc7 1-0